00538nam a2200193 a 4500001001300000003000900013005001700022008004100039020002300080082001600103100002200119245004900141260003200190300000900222500003500231505002900266650002700295700002200322nice12345678IN_TiNIC20260116012841.0050524s1993 lona grp 000 0 eng  a0700705 c45000a261.27bPOW aPowell, Arvil Ann aMuslims and Missionaries in Pre-Mutiny India aLondonbCurzon Press c1993 a339p aincludes index and biblioraphy2 aGlossary, Biblio., Index aMissions-India-Muslims1 aPowell, Arvil Ann